Le Bon Nombre - Histoire - Statistiques

Statistiques générales
  • Ce quiz a été pris 627 fois
  • Le résultat moyen est 6 sur 10
Réponses sur la Carte
Les réponses sont colorées sur une échelle allant du rouge au vert en fonction du pourcentage des utilisateurs qui les ont devinées à leur premier essai. Vous pouvez retrouver ces pourcentages ci-dessous.
 
Statistiques - réponses
Réponse % Correct
Années "glorieuses" à partir de 1945
84%
Années de règne de Louis XIV
74%
Îles où fut exilé Napoléon Bonaparte
73%
Bateaux utilisés par Christophe Colomb
67%
Mission Apollo durant laquelle l'Homme a marché sur la Lune
63%
Années entre la création et la chute du Mur de Berlin
57%
États des États-Unis lors de l'indépendance en 1776
52%
Pays signataires du Pacte de Varsovie
38%
Sages de la Grèce antique
32%
États membres du Conseil de l'Europe
31%
Aucun quiz correspondant
Distribution des résultats
% des personnes avec chaque résultat
Percentile par nombre de réponses
Votre historique - résultats
Vous n’avez pas pris ce quiz